Europa, Asia y África en América Latina y el Caribe : (Registro nro. 52786)
[ vista simple ]
| 000 -LEADER | |
|---|---|
| fixed length control field | 00882nam a2200229 a 4500 |
| 001 - CONTROL NUMBER | |
| control field | 52786 |
| 005 - DATE AND TIME OF LATEST TRANSACTION | |
| control field | 20180714042753.0 |
| 008 - FIXED-LENGTH DATA ELEMENTS--GENERAL INFORMATION | |
| fixed length control field | 140415s1989 mx r 000 0 spa d |
| 020 ## - INTERNATIONAL STANDARD BOOK NUMBER | |
| International Standard Book Number | 9682314577 |
| 041 ## - LANGUAGE CODE | |
| Language code of text/sound track or separate title | spa |
| 082 0# - DEWEY DECIMAL CLASSIFICATION NUMBER | |
| Classification number | 325.8 |
| Item number | LEA |
| 100 1# - MAIN ENTRY--PERSONAL NAME | |
| Personal name | Leander, Birgitta, |
| Relator term | coordinador |
| 245 10 - TITLE STATEMENT | |
| Title | Europa, Asia y África en América Latina y el Caribe : |
| Remainder of title | migraciones "libres" en los siglos XIX y XX y sus efectos culturales / |
| Statement of responsibility, etc. | Birgitta Leander (coordinador), Mario Margulis, Omar Martínez Legorreta (relatores). |
| 250 ## - EDITION STATEMENT | |
| Edition statement | Primera edición |
| 264 #1 - PRODUCTION, PUBLICATION, DISTRIBUTION, MANUFACTURE, AND COPYRIGHT NOTICE | |
| Place of production, publication, distribution, manufacture | México : |
| Name of producer, publisher, distributor, manufacturer | Siglo Veintiuno Editores, |
| Date of production, publication, distribution, manufacture, or copyright notice | 1989 |
| 300 ## - PHYSICAL DESCRIPTION | |
| Extent | xii, 369 páginas ; |
| Dimensions | 23 cm. |
| 336 ## - CONTENT TYPE | |
| Content type term | texto |
| Source | rdacontent |
| 337 ## - MEDIA TYPE | |
| Media type term | sin mediación |
| Source | rdamedia |
| 338 ## - CARRIER TYPE | |
| Carrier type term | volumen |
| Source | rdacarrier |
| 490 0# - SERIES STATEMENT | |
| Series statement | "El mundo en América Latina" |
| 650 #4 - SUBJECT ADDED ENTRY--TOPICAL TERM | |
| Topical term or geographic name entry element | Hispanoamérica |
| General subdivision | Emigración e inmigración |
| Withdrawn status | Lost status | Source of classification or shelving scheme | Damaged status | Not for loan | Collection code | Home library | Current library | Shelving location | Date acquired | Source of acquisition | Inventory number | Total Checkouts | Full call number | Barcode | Date last seen | Date last checked out | Price effective from | Koha item type |
|---|---|---|---|---|---|---|---|---|---|---|---|---|---|---|---|---|---|---|
| Dewey Decimal Classification | General | Biblioteca Karol Wojtyla | Biblioteca Karol Wojtyla | Sala general | 18/01/2017 | Compra | 151000000000000000055025 | 2 | 325.8 LEA 1989 | 96847 | 05/01/2026 | 21/04/2022 | 18/01/2017 | Libro |